|
|
|
|
| LEADER |
00723nab a2200205 i 4500 |
| 001 |
acta49670 |
| 005 |
20251001123938.0 |
| 008 |
171128s2017 hu o 000 fre d |
| 022 |
|
|
|a 1588 2039
|
| 040 |
|
|
|a SZTE Egyetemi Kiadványok Repozitórium
|b hun
|
| 041 |
|
|
|a fre
|
| 100 |
1 |
|
|a Ortholan Henri
|
| 245 |
1 |
4 |
|a Les défis de la fortification sous Napoléon III
|h [elektronikus dokumentum] /
|c Ortholan Henri
|
| 260 |
|
|
|c 2017
|
| 300 |
|
|
|a 92-99
|
| 490 |
0 |
|
|a Chronica
|v 14
|
| 650 |
|
4 |
|a Bölcsészettudományok
|
| 650 |
|
4 |
|a Történettudomány és régészet
|
| 695 |
|
|
|a Franciaország története - 19. sz., III. Napoleon - császár
|
| 856 |
4 |
0 |
|u http://acta.bibl.u-szeged.hu/49670/1/chronica_014_092-099.pdf
|z Dokumentum-elérés
|